The noble scholar, jurist, historian


 His Excellency Dr. Abdul Wahhab bin Ibrahim Abu Sulaiman, may Allah have mercy on him.


 He was born in Umm Al-Qura in the year 1356 AH.

التراث التربوي الإسلامي في خمس مخطوطات / (Record no. 1384)

MARC details
000 -LEADER
fixed length control field 01752cam a2200325 i 4500
003 - CONTROL NUMBER IDENTIFIER
control field SA-RiAUC
005 - DATE AND TIME OF LATEST TRANSACTION
control field 20241016064735.0
008 - FIXED-LENGTH DATA ELEMENTS--GENERAL INFORMATION
fixed length control field 241014s1988 le a g b 000 0 ara c
040 ## - CATALOGING SOURCE
Original cataloging agency AE-AiULD
Language of cataloging ara
Transcribing agency SA-RiAUC
Description conventions rda
050 #4 - LIBRARY OF CONGRESS CALL NUMBER
Item number .T87 1988
082 04 - DEWEY DECIMAL CLASSIFICATION NUMBER
Classification number 212
Assigning agency SA-RiAUC
090 ## - LOCALLY ASSIGNED LC-TYPE CALL NUMBER (OCLC); LOCAL CALL NUMBER (RLIN)
Classification number (OCLC) (R) ; Classification number, CALL (RLIN) (NR) 212
Local cutter number (OCLC) ; Book number/undivided call number, CALL (RLIN) ت ر ا
245 02 - TITLE STATEMENT
Title التراث التربوي الإسلامي في خمس مخطوطات /
Statement of responsibility, etc. جمعها وحققها وقدم لها هشام نشابة.
246 3# - VARYING FORM OF TITLE
Title proper/short title التراث التربوي الإسلامي في 5 مخطوطات
250 ## - EDITION STATEMENT
Edition statement الطبعة الأولى.
264 #1 - PRODUCTION, PUBLICATION, DISTRIBUTION, MANUFACTURE, AND COPYRIGHT NOTICE
Place of production, publication, distribution, manufacture بيروت :
Name of producer, publisher, distributor, manufacturer دار العلم للملايين،
Date of production, publication, distribution, manufacture, or copyright notice 1988
300 ## - PHYSICAL DESCRIPTION
Extent 267 صفحة :
Other physical details إيضاحيات ؛
Dimensions 24 سم
336 ## - CONTENT TYPE
Content type term نص
Content type code txt
Source rdacontent
Materials specified كتاب
337 ## - MEDIA TYPE
Media type term بدون وسيط
Media type code n
Source rdamedia
338 ## - CARRIER TYPE
Carrier type term مجلد
Carrier type code nc
Source rdacarrier
504 ## - BIBLIOGRAPHY, ETC. NOTE
Bibliography, etc. note يشتمل على إرجاعات ببليوجرافية.
505 0# - FORMATTED CONTENTS NOTE
Title كتاب السياسة /
-- كتاب منهاج المتعلم /
-- تذكرة السامع والمتكلم وأدب العالم والمتعلم /
-- اللؤلؤ النظيم في روم التعلم والتعليم /
-- تحرير المقال في آداب وأحكام يحتاج إليها مؤدب الأطفال /
Statement of responsibility ابن سينا-
-- الغزالي-
-- أبو إسحاق إبراهيم بن جماعة-
-- لأبي عبد الله زكريا الأنصاري-
-- ابن حجر الهيثمي.
590 ## - LOCAL NOTE (RLIN)
Local note عبد المنعم / محمد.
650 #7 - SUBJECT ADDED ENTRY--TOPICAL TERM
Topical term or geographic name entry element التربية الإسلامية
Source of heading or term aucsh
650 #7 - SUBJECT ADDED ENTRY--TOPICAL TERM
Topical term or geographic name entry element التراث الإسلامي
Source of heading or term aucsh
700 1# - ADDED ENTRY--PERSONAL NAME
Personal name نشابة، هشام،
Dates associated with a name 1931-
Relator term جامع.
942 ## - ADDED ENTRY ELEMENTS (KOHA)
Source of classification or shelving scheme Dewey Decimal Classification
Koha item type Books
Suppress in OPAC No
949 ## - LOCAL PROCESSING INFORMATION (OCLC)
a SA-JeALM
d 241014
u mohamedma123
n 1
Holdings
Withdrawn status Lost status Source of classification or shelving scheme Damaged status Not for loan Home library Current library Date acquired Total checkouts Full call number Barcode Date last seen Price effective from Koha item type
    Dewey Decimal Classification     DR AbdElwahab Library DR AbdElwahab Library 10/16/2024   212 ت ر ا 000001941 10/16/2024 10/16/2024 Books